Statistics for Top 20 players in the AFL 2019

Click here to take the quiz!

General Stats

  • This quiz has been taken 320 times
  • The average score is 13 of 20

Answer Stats

NO.TeamAnswer% Correct
15Western BulldogsMarcus Bontempelli
94%
3Carlton BluesPatrick Cripps
94%
4Fremantle DockersNat Fyfe
93%
2Geelong CatsPatrick Dangerfield
93%
7Brisbane LionsLachie Neale
83%
17Richmond TigersDustin Martin
82%
11Collingwood MagpiesScott Pendlebury
82%
9Adelaide CrowsRory Sloane
75%
6GWS GiantsJosh Kelly
74%
10Melbourne DemonsClayton Oliver
69%
5Collingwood MagpiesBrodie Grundy
67%
1Western BulldogsJackson Macrae
66%
12Sydney SwansLuke Parker
62%
13GWS GiantsJeremy Cameron
60%
16Brisbane LionsCharlie Cameron
59%
8GWS GiantsLachie Whitfield
50%
20Adelaide CrowsMatt Crouch
45%
14West Coast EaglesElliot Yeo
40%
18Essendon BombersDylan Shiel
34%
19North Melbourne KangaroosShaun Higgins
26%

Score Distribution

Percentile by Number Answered

Percent of People with Each Score

Your Score History

You have not taken this quiz